| 000 | 01266nam0a22003131 4500 | ||
|---|---|---|---|
| 001 | v19\rc\1423748 | ||
| 005 | 20060512133534.0 | ||
| 035 | _a(NLR Aleph) 004549817 | ||
| 090 |
_a2125683 _c2125683 |
||
| 100 | _a20060512d1884 |||y0rusy50 ca | ||
| 101 | 0 | _arus | |
| 102 | _aRU | ||
| 105 | _ay c ||||| | ||
| 200 | 1 |
_aДревесные и кустарные породы, разводимые в России, с указанием степени их выносливости _fСост. Н.Е. Цабель с целью содействовать успеш. разведению древес. насаждений и вызвать к сообщ. о результатах опытов акклиматизации растений |
|
| 210 |
_aМосква _cМузей приклад. знаний _d1884 |
||
| 215 |
_aX, 79 с. _d22 |
||
| 700 | 1 |
_aЦабель _bН. Е. _f1831-1910 _gНиколай Егорович _4220 |
|
| 801 | 0 |
_aRU _bNLR _gpsbo |
|
| 801 | 0 |
_aRU _bRuMoRGB _2psbo |
|
| 801 | 1 |
_aRU _bProSoft-M _2rusmarc |
|
| 852 |
_aNLR _j18.199.4.146 |
||
| 852 |
_aNLR _j130/5770 |
||
| 899 |
_aRuMoRGB _jA 162/1053 |
||
| 899 |
_aRuMoRGB _jV 288/618 |
||
| 899 | _aБАН | ||
| 899 | _aНБ СПбГУ | ||
| 899 | _aНБ МГУ | ||
| 942 | _cBOOK | ||
| 980 | _aNB | ||